000 00335 a2200157 4500
001 183984
020 _a84-348-2703-4
040 _cMagnum
100 _aMachado, Ana Maria
240 1 0 _aCamilón, comilón
_lESP
245 1 0 _aCamilón, comilón
300 _a59
362 0 _a1998
697 _aLITERATURA ESPANHOLA
942 _cBK
999 _c183984
_d183984